[Event "Novgorod"]
[Site "Novgorod"]
[Date "1995.06.02"]
[Round "6"]
[White "Topalov, Veselin"]
[Black "Vaganian, Rafael A"]
[Result "1-0"]
[WhiteElo "2630"]
[BlackElo "2640"]
[Annotator "Dolmatov,S"]
[PlyCount "97"]
[EventDate "1995.05.??"]
[EventType "tourn"]
[EventRounds "9"]
[EventCountry "RUS"]
[EventCategory "17"]
[SourceTitle "CBM 048"]
[Source "ChessBase"]
[SourceDate "1995.10.01"]
[SourceVersion "1"]
[SourceVersionDate "1995.10.01"]
[SourceQuality "1"]

1. e4 e6 2. d4 d5 3. Nc3 dxe4 4. Nxe4 Nd7 5. Nf3 Ngf6 6. Nxf6+ Nxf6 7. Bd3 (7.
Bg5 $6 h6 8. Bh4 Be7 9. Bd3 c5 $10) 7... b6 (7... c5 8. dxc5 Bxc5 9. O-O (9.
Qe2 O-O 10. Bg5 Qa5+ 11. c3 Be7 12. Ne5 $14) 9... O-O 10. Qe2 h6 $14 {Rogers,
I-Vaganian,R/Manila(ol)/1990/}) 8. Qe2 Bb7 9. Bg5 (9. c3 $6 Be7 10. Bg5 h6 11.
Bh4 Qd5 $13 {Kamsky,G-Kortchnoi,V/Tilburg/1991/}) 9... Be7 10. O-O-O Qd6 11.
Ne5 (11. Kb1 O-O-O 12. Ne5 Rhf8 13. Ba6 $14) 11... O-O 12. Kb1 Rad8 13. c4 $6 (
13. Bf4 $5 Qd5 (13... Nd5 14. Bg3) 14. c4 Qxd4 15. Bxh7+ Kxh7 16. Rxd4 Rxd4 17.
Be3 $16) 13... h6 14. Bf4 $6 (14. Be3 c5 15. f4 cxd4 16. Bc2 $14) 14... Qxd4 $1
$8 15. Bh7+ Kxh7 16. Rxd4 Rxd4 17. Be3 Re4 18. Nf3 Rd8 (18... Ba6 $6 19. Nd2
$14) 19. h3 Kg8 20. b3 a5 $6 (20... b5 $5 21. cxb5 Nd5 22. Rc1 Bf6 $132) 21.
Rd1 Rxd1+ 22. Qxd1 b5 23. Nd2 (23. cxb5 $6 Nd5 24. Bd4 Bb4 $44) 23... Rh4 24.
f3 Rh5 25. Qf1 bxc4 26. bxc4 (26. Nxc4 a4 $44) 26... a4 27. Bf4 (27. Qd3 Bd6
28. Bd4 Nd7 $132) 27... Rc5 28. Qd3 Rc6 29. a3 Ba6 $2 (29... Bd6 $1 30. Bxd6 (
30. Be3 Nd7 $132) 30... cxd6 $132) 30. Be5 Bd6 31. Bb2 Rb6 (31... Nd7 $5 32.
Qd4 Be5 33. Qxd7 Rb6 34. Qe8+ Kh7 35. Qxf7 Rxb2+ 36. Kc1 Rb6) 32. Qc3 Bf8 33.
Ka2 Nd7 34. Qa5 Nc5 $16 35. Bd4 Nb3 36. Nxb3 axb3+ 37. Kb2 Rc6 38. c5 (38. Qa4
$2 Rxc4 39. Qxa6 Rxd4 $14) 38... Bc4 39. Qa8 Ra6 40. Qd8 Bd5 $6 (40... c6 41.
Be5) (40... Rc6 $32 41. a4 Ra6 $16) 41. Qxc7 $18 f6 42. Qd7 Rc6 43. Qe8 Ra6 44.
a4 Ra8 45. Qb5 Rd8 46. a5 Ba8 47. Bc3 Kf7 48. a6 Rd5 49. Qb8 1-0

[Event "Liechtenstein op 13th"]
[Site "Liechtenstein"]
[Date "1995.??.??"]
[Round "9"]
[White "Rozentalis, Eduardas"]
[Black "Kelecevic, Nedeljko"]
[Result "1-0"]
[WhiteElo "2610"]
[BlackElo "2435"]
[Annotator "Donev,I"]
[PlyCount "100"]
[EventDate "1995.05.??"]
[EventType "swiss"]
[EventRounds "9"]
[EventCountry "LIE"]
[SourceTitle "EXT 1997"]
[Source "ChessBase"]
[SourceDate "1996.11.15"]
[SourceVersion "1"]
[SourceVersionDate "1996.11.15"]
[SourceQuality "1"]

1. e4 e6 2. d4 d5 3. Nd2 dxe4 4. Nxe4 Bd7 5. Nf3 Bc6 6. Bd3 Nd7 7. O-O Bxe4 8.
Bxe4 c6 9. c4 Ngf6 10. Bc2 Bd6 11. b3 O-O 12. Bb2 Qc7 13. Re1 Rfd8 14. Re2 c5
15. g3 Nf8 16. d5 Re8 17. dxe6 Rxe6 18. Qd3 Rae8 19. Rxe6 fxe6 (19... Rxe6 $6
20. Ng5 Re8 21. Bxf6 gxf6 22. Nxh7 Be5 23. Rd1 $16) (19... Nxe6 $2 20. Bxf6
gxf6 21. Qxh7+ $18) 20. Rd1 $14 Be7 21. Re1 Rd8 22. Qe2 Re8 23. Ng5 Bd8 24. Rd1
h6 25. Be5 Qc8 26. Ne4 Nxe4 27. Bxe4 Bc7 28. Bc3 Re7 29. Rd3 b6 30. Re3 Rf7 31.
Bf3 Bd8 32. Bg4 Re7 33. Be5 $16 Bc7 34. Bxc7 Qxc7 35. Bxe6+ Rxe6 36. Rxe6 Nxe6
37. Qxe6+ Kh7 38. h4 h5 39. Kg2 Qb7+ 40. Kg1 g6 41. a4 Qc7 42. Qe4 Kg7 43. Kg2
Kh7 44. g4 hxg4 45. h5 Qd6 46. Qxg4 gxh5 47. Qxh5+ Kg7 48. Qg4+ Kf7 49. Qf3+
Ke6 50. Qh3+ Kf7 1-0

[Event "Landesliga Nord 9798"]
[Site "Bayern"]
[Date "1998.03.01"]
[Round "7"]
[White "Jirovsky, Petr"]
[Black "Donev, Ivo Hristov"]
[Result "0-1"]
[WhiteElo "2365"]
[BlackElo "2420"]
[Annotator "Donev/Atanasov"]
[PlyCount "110"]
[EventDate "1997.10.19"]
[EventType "team-tourn"]
[EventRounds "9"]
[EventCountry "GER"]
[SourceTitle "EXT 2000"]
[Source "ChessBase"]
[SourceDate "1999.11.16"]
[SourceVersion "1"]
[SourceVersionDate "1999.11.16"]
[SourceQuality "1"]
[WhiteTeam "Bamberg SC II"]
[BlackTeam "Regensburg DJK II"]
[WhiteTeamCountry "GER"]
[BlackTeamCountry "GER"]

{[%mdl 4096]} 1. e4 e6 2. d4 d5 3. Nd2 (3. e5 c5 4. c3 Nc6 5. Nf3 Bd7 6. a3 f6
$1 $11 {Atanasov}) 3... dxe4 4. Nxe4 Nd7 5. Nf3 Ngf6 6. Bg5 Be7 7. Nxf6+ Nxf6
8. Ne5 O-O 9. Bd3 c5 10. dxc5 Qd5 $1 $146 {[%cal Yd5e5,Yd5c5,Yd5g2] Es ist
wichtig, dass die Dame den starken weißen Springer zurückdrängt.} (10... Qa5+
11. c3 Qxc5 12. Qe2) (10... Qc7 11. Qe2 Qxc5 12. O-O) 11. Nf3 Qxc5 12. Qe2 Bd7
(12... b6 13. Bxf6 gxf6 14. Bxh7+ (14. Qe4 Qb4+ 15. c3 Qxe4+ 16. Bxe4 Rb8 $14)
14... Kxh7 15. Qe4+ f5 16. Qxa8 Ba6 17. Qxa7 Qb4+ $13) (12... Nd5 13. Qe4 f5
14. Qh4 Bxg5 15. Nxg5 h6 16. Nf3 e5 $1 {Atanasov}) 13. O-O h6 14. Bh4 (14. Bxf6
Bxf6 15. Qe4 Rfd8 $1 $15) 14... Rfd8 (14... Bc6 15. Ne5 Qd4 {[%cal Yd4b2,Yd4h4]
} 16. Nxc6 bxc6 17. Bxf6 Bxf6 18. c3 $11) 15. Rfd1 Qh5 {/\Bc6} 16. Qe5 Qxe5 (
16... g5 17. Bg3 Bc6 18. Be2 $14) 17. Nxe5 Be8 18. Ng4 Nd5 (18... Kf8 19. Nxf6
(19. Bxf6 gxf6 20. Nxh6 f5 {nebst Bg5}) 19... gxf6 20. Be4 Rxd1+ 21. Rxd1 f5
22. Bxe7+ Kxe7 23. Bf3 (23. Bxb7 Rb8 24. Bf3 Rxb2 $17) 23... Rc8 $13) 19. Bxe7
Nxe7 20. Rd2 Kf8 21. Rad1 Nc6 22. Be4 Ke7 23. Ne3 (23. Bxc6 Rxd2 24. Rxd2 Bxc6
$15) 23... Rxd2 24. Rxd2 Rd8 (24... f5 25. Bxc6 {[%tqu "De","Wie werden Sie
auf c6 schlagen?","","","e8c6","",10]} Bxc6 {[%tqu "De","Wie werden Sie das
Feld e5 kontrolieren? a) mit dem f Bauer(f2-f4) oder b) Mit dem Springer (Sc4)
","","","e3c4","",10,"f2f4","",0]} 26. Nc4 $1 (26. f4 $2 g5 $1) 26... Bd5 27.
Ne5 $14) 25. Rxd8 Nxd8 26. f4 f5 (26... g5 27. g3) 27. Bf3 g5 28. g3 g4 29. Be2
(29. Bg2 Bc6 30. Bxc6 Nxc6 31. Nc4 Nb4) 29... Bc6 {Schwarz plant Be4 nebst Nc6
um die schwarzen Leichtfiguren zu aktivieren.} 30. Bd3 Nf7 31. Nc4 Bb5 32. Kf2
Bxc4 $1 33. Bxc4 Nd6 34. Be2 Nc8 35. Ke3 Kd6 36. b4 $6 (36. Kd4 Ne7 37. Bb5 $1
Ng6 38. Be8 e5+ 39. fxe5+ Nxe5 $13 {/\Nf3}) 36... Ne7 37. c4 Nc6 38. a3 (38.
c5+ Kd5 39. Bd1 (39. a3 a5 40. b5 Nd8 $17) 39... Nxb4 40. Bb3+ Kxc5 41. Bxe6
Nc2+ 42. Kd3 Nd4 $17) 38... a5 $1 {Wenn jetzt der weiße König auf c3 stehen
würde, hätte der Anziehende weniger Sorgen. Nach dem Textzug wird das Feld c5
geschwächt.} 39. b5 {[%csl Yc5][%cal Yc6b8,Yb8d7,Yd7c5]} Nb8 40. Kd4 Nd7 $1 {
Jetzt ist die weiße Bauernmehrheit am Damenflügel wertlos. Mein Plan in diesem
Endspiel war einfach: a) Das Feld c5 fest unter Kontrolle zu nehmen, um das
weiße Spiel am Damenflügel zu neutralisieren. b) In einem günstigen Augenblick
muss der Springer zum Königsflügel wandern, wo er den Bauernmarsch h6-h5-h4
unterstützen muss. So können in einigen Varianten Motive zum Durchbruch
vorkommen.} 41. Bd3 Nc5 42. Bc2 b6 43. Bb1 {Es ist schwer, dem Weißen einen
Rat zu geben, weil er seine Stellung nicht verbessern kann. Er kann nur
abwarten.} h5 44. Bc2 Nd7 45. Bd3 Nf8 46. Bc2 Ng6 47. c5+ {Die letzte Hoffnung
des Anziehenden ist es auf jeden Fall Gegenspiel zu bekommen.} bxc5+ 48. Kc4 h4
$1 $19 {Die schwarze Bauernlawine am Königsflügel ist schon sehr gefährlich
geworden. Schwarz droht 49... hg3 50.hg3 Nf4! 51.gf4 g3} 49. Bd3 h3 {es droht
wieder Nf4!} 50. Bf1 {Armer Läufer!} e5 51. b6 (51. fxe5+ Nxe5+ 52. Kc3 Nf3 $19
) 51... exf4 52. Kb5 fxg3 53. hxg3 Ne5 54. Kxa5 c4 55. Ka6 Nd7 $1 {[%cal Yc4c1,
Yh3h1] Die c- und h-Bauern sind unhaltbar.} (55... c3 $6 {die letzte Falle:}
56. Bb5 $1 c2 57. b7 {hier muss Schwarz auch gewinnen, aber in mehreren Zügen.
Darum ist die Partiefortsetzung genauer.}) 0-1

[Event "Bundesliga 1314"]
[Site "Germany"]
[Date "2014.02.22"]
[Round "9.4"]
[White "Edouard, Romain"]
[Black "Firman, Nazar"]
[Result "1-0"]
[WhiteElo "2657"]
[BlackElo "2526"]
[Annotator "Edouard,R"]
[PlyCount "133"]
[EventDate "2013.10.12"]
[EventType "team-tourn"]
[EventRounds "15"]
[EventCountry "GER"]
[SourceTitle "CBM 159"]
[Source "ChessBase"]
[SourceDate "2014.03.17"]
[SourceVersion "1"]
[SourceVersionDate "2014.03.17"]
[SourceQuality "1"]
[WhiteTeam "Werder Bremen"]
[BlackTeam "Katernberg"]
[WhiteTeamCountry "GER"]
[BlackTeamCountry "GER"]

1. e4 e6 2. d4 d5 3. Nc3 Nc6 4. e5 (4. Nf3 {is the main move.}) 4... f6 (4...
Nge7 $5 {was played recently by Jobava, with quite good results.}) 5. Bb5 Bd7
6. Nf3 Qe7 7. Bf4 {A move I had already played.} (7. O-O Qf7 8. Re1 {might be
a better try. White's only aim should be to be able to put a strong piece on
e5 every time Black wants to exchange the f6 and e5. As Black almost never
wants to go ...f5, it somehow blocks any kind of counterplay.}) 7... O-O-O 8.
Qd2 Qf7 9. h4 h5 $1 {Black should not let White push a pawn to h5.} (9... Kb8
10. a3 Nge7 $6 11. h5 $14 {1-0 (29) Edouard,R (2620)-Galyas,M (2464) GER 2010})
10. a3 Nh6 11. O-O-O (11. Bxh6 Rxh6 12. O-O-O {might actually have been the
best option, as this knight on g4 quickly became particularily annoying.})
11... Ng4 $146 12. Bg3 a6 (12... Ne7 $2 13. exf6 gxf6 14. Qf4 Bh6 15. Ng5 $18)
13. Bxc6 Bxc6 14. Rhe1 Re8 $1 (14... Be7 {looks suspicious due to} 15. exf6
gxf6 16. Qe2 $1 {but after} Kd7 $8 {Black may be more or less fine.} (16... Bd7
$6 17. Nxd5 $16)) 15. Kb1 Be7 16. Rc1 (16. Qf4 {looks temping but after} Bd8
17. exf6 gxf6 {nothing happens.}) 16... Rhf8 17. Nd1 Bd8 (17... Kb8 {seemed
more natural.}) 18. Ne3 Qg6 19. Bf4 {Trying anything to prevent ...Qh6.} (19.
Ka2 Qh6 {would threaten ...f5 and force White to go} 20. exf6 gxf6 {which is
absolutely fine for Black.}) 19... fxe5 $5 {An interesting idea, though not
forced at all.} 20. Bxe5 (20. Nxg4 Qxg4 21. Bg3 {was my initial idea but after}
Rxf3 $1 (21... e4 $6 22. Ne5 Qf5 23. Qa5 $40) 22. gxf3 Qxd4 {Black should be
fine.}) 20... Rxf3 $1 {A typical move, as in the previous line (20.Nxg4).} 21.
gxf3 Nxe5 22. dxe5 Bxh4 (22... Qf7 {seemed possible to prevent f4 but after}
23. Qd4 $1 Qxf3 24. Rg1 $1 {White would be pressing. The h4 pawn is too
important to activate the black pieces.} (24. c4 {was my initial idea:} Kb8 (
24... dxc4 $6 25. Qa7 $1 $40) 25. cxd5 exd5 $13)) 23. f4 Qh6 $5 (23... Qe4 24.
Nf1 Qf3 25. Ng3 g6 $44) 24. f5 Qf4 $1 (24... exf5 25. Qd3 $1 g6 26. Nxd5 Bxf2
27. Re2 {should be dangerous for Black.}) 25. Rcd1 $8 Bxf2 (25... d4 $5 26.
Qxd4 Qxd4 27. Rxd4 Bxf2 28. Re2 Bxe3 29. Rxe3 exf5 {Black wants to play ...g5
and... win!} 30. Rg3 Rxe5 31. Rxg7 b6 $11) 26. Rf1 Bxe3 (26... Qxe3 27. Rxf2
Qxd2 28. Rdxd2 exf5 29. Rxf5 {leads to the same.}) 27. Rxf4 Bxd2 28. Rxd2 exf5
29. Rxf5 g6 30. Rg5 Re6 31. Rf2 $6 (31. Kc1 {was more precise, in order to be
able to face} Kd7 $6 {with} 32. c4 $14) 31... Be8 32. Kc1 Kd7 33. Kd2 Ke7 34.
Ke3 Rc6 35. b3 Rc3+ $6 (35... Bd7 {followed by ...Bf5 would be almost better
for Black.}) 36. Kd4 Rh3 37. Kxd5 Rh4 38. Rd2 ({My first intention was to go} 
38. e6 {but after} Bc6+ 39. Kc5 Be4 40. Rf7+ Kxe6 41. Rxc7 Kf6 42. Rg1 Rf4 {
Black is definitely not worse and his position is easier to play.}) 38... Bf7+
39. Kc5 Re4 40. a4 Ke6 41. Rf2 ({I was considering} 41. a5 {but, while it
cannot improve much compared to the game if Black just stays, I had to
calculate tough lines like the following one, that I considered dangerous and
definitely not winning:} Rxe5+ 42. Rxe5+ Kxe5 43. Rd7 Be6 44. Rxc7 h4 45. Rxb7
g5 46. b4 h3 47. b5 g4 48. bxa6 h2 49. Rh7 g3 50. a7 g2 51. Rh5+ $1 Kf4 52.
a8=Q g1=Q+ 53. Kb5 {and the position is a draw, luckily for White.}) (41. Rd8
$2 Rxe5+ 42. Rxe5+ Kxe5 43. Rd7 b6+ $17) 41... Ke7 42. a5 Be8 43. Rf3 Bf7 44.
c4 Be8 45. Kb4 (45. b4 {wouldn't have given me any winning chance, e.g.} Bf7
46. Rc3 h4 $5 47. b5 axb5 48. cxb5 Ra4 49. a6 bxa6 50. bxa6 Rxa6 51. Rg4 $11)
45... Re1 46. Kc3 {Trying to turn around with my king in order to later push
my queenside pawns.} Ra1 47. Kb4 (47. e6 {is too slow:} Re1 48. Rc5 Bc6 $132)
47... Re1 48. Rd3 Rh1 49. Re3 Rf1 50. Kc3 (50. e6 Rf6 51. Rc5 Bc6 {is still
too slow, as here I need to be able to go b4.}) 50... Rf4 $6 ({There was
nothing wrong with} 50... Ke6 $11) 51. e6 {Now Black is in danger, though the
position is still holdable.} Rf6 ({Before this White was just weakening, now} 
51... h4 {was a very decent option:} 52. Rc5 Bc6 53. Kd3 (53. b4 $4 Rf3 $19)
53... Rf6 {and probably the best for White is to "go back" and play something
like} 54. Rh3 (54. b4 Rxe6 55. b5 Rxe3+ 56. Kxe3 h3 $1 57. bxc6 h2 58. cxb7
h1=Q 59. Rxc7+ Ke6 60. b8=Q Qe1+ $11) 54... Rf4 55. Rg5 Kf6 56. Rg1 g5 57. e7
Rf5 58. Re3 Be8 59. b4 {in order to keep the pressure.}) 52. Rc5 Bc6 (52... c6
$6 53. Rce5 {followed by Kd4(b4)-c5 and Black is in trouble.}) 53. b4 Rxe6 54.
Rxe6+ Kxe6 55. b5 Bf3 $2 (55... Bg2 $1 {would make a draw:} 56. Rxc7 (56. Kd4
h4 57. Rg5 $6 h3 58. Rxg6+ Kf5 59. Rh6 Kf4 $11) 56... h4 57. Rh7 h3 58. Kd4 g5
59. Ke3 Kd6 $11) 56. Rxc7 h4 57. Rh7 Bh5 (57... g5 58. Kd4 $18) 58. Rxb7 $1 (
58. c5 axb5 59. a6 bxa6 60. c6 Kd6 61. c7 Bg4 $11) (58. bxa6 bxa6 59. c5 Kd5
$11) 58... h3 59. bxa6 h2 60. a7 h1=Q 61. a8=Q {Black has no perpetual.} Qe1+
62. Kb2 Qd2+ 63. Ka3 Qd6+ (63... Qc3+ 64. Rb3 Qa1+ 65. Kb4 Qe1+ 66. Kb5 $18) (
63... Qc1+ 64. Kb4 Qb2+ 65. Kc5 Qa3+ 66. Rb4 Qe3+ 67. Kb5 $18) 64. Ka2 Bf3 65.
Qe8+ Kf5 66. Rf7+ Kg4 67. Qd7+ 1-0

[Event "Budapest Epitok op"]
[Site "Budapest"]
[Date "1988.01.??"]
[Round "?"]
[White "Enders, Peter"]
[Black "Lovass, Imre"]
[Result "1-0"]
[WhiteElo "2430"]
[BlackElo "2300"]
[Annotator "Enders,P"]
[PlyCount "79"]
[EventDate "1988.01.22"]
[EventType "swiss"]
[EventRounds "9"]
[EventCountry "HUN"]
[SourceTitle "EXT 2017"]
[Source "ChessBase"]
[SourceDate "2016.10.25"]
[SourceVersion "1"]
[SourceVersionDate "2016.10.25"]
[SourceQuality "1"]

{SCHACH 4/1988 Seite 22} 1. e4 e6 2. d4 d5 3. Nc3 Nc6 4. Nf3 Nf6 5. e5 Ne4 6.
Bd3 Bb4 7. Bd2 $1 ({Das Bauernopfer} 7. O-O Nxc3 8. bxc3 Bxc3 9. Rb1 {wäre zu
riskant.}) 7... Bxc3 8. Bxc3 Nxc3 9. bxc3 Na5 10. O-O Bd7 11. Rb1 Qe7 12. Nd2
b6 13. Qg4 $1 f5 14. exf6 gxf6 15. c4 $1 O-O-O {Es wurde höchste Zeit für die
Rochade.} 16. cxd5 exd5 17. Qf3 Qg7 {Auf d6 stünde die Dame wegen des zu
ewrwartenden c2-c4-c5 unsicher.} 18. Rfe1 Kb8 ({Nach} 18... Rhe8 19. Rxe8 ({
Es scheitert} 19. Qxd5 $4 {an} Bc6) 19... Bxe8 20. Qh3+ {erobert Weiß den
Bauern h7}) 19. Re3 Be8 20. Rbe1 Bg6 21. Bb5 $1 {Besser} ({als} 21. Ba6 Nc6 22.
c3 {und Schwarz kontrolliert Feld e7 bzw. den Vorstoß c4.}) 21... Qh6 22. c4 $1
Bh5 ({Wenn} 22... Qg5 23. c5 $1 {mit starkem Angriff.}) 23. Qh3 Qg5 24. cxd5 $2
{Geschieht, um keine Bedenkzeit zu vershwenden.} ({Stärker war jedoch} 24. c5
$1) 24... Qxd5 25. Ba6 Rhe8 $1 ({Nach} 25... Qxa2 $6 26. Ne4 Qf7 27. Nxf6 Qxf6
28. Qxh5 Qxd4 29. g3 $1 {behält Weiß gute Angriffsauschancen gegen den
gefährdeten Kb8.}) 26. Ne4 Bg6 27. Nxf6 Rxe3 28. Qxe3 Qxd4 29. Qxd4 Rxd4 30.
Nxh7 c5 $1 31. Nf8 Bf7 $1 32. h3 Rd8 $1 (32... Bxa2 $2 33. Re8+ Kc7 34. Ne6+
Kd7 35. Bb5+) 33. Nh7 Bxa2 34. Nf6 $1 Nc6 $2 ({Verpaßt die Chance} 34... Bc4 $1
35. Bxc4 Nxc4 36. g4 Nd2 $1 ({nicht} 36... b5 $2 37. g5 b4 38. g6 b3 39. g7 b2
40. Ne8 $1) 37. Kg2 c4 38. g5 Nb3 $1 39. g6 c3 40. g7 c2 41. h4 Kb7 {mit
Aussichten auf erfolgreiche Verteidigung.}) 35. h4 Nb4 36. h5 $1 {[#]In
spannender Stellung unternimmt Weiß einen erfolgreichen Versuch zur schnellen
Überrumpelung des Gegners. Denn Schwarz findet nicht die beste Verteidigung,}
Nd5 $5 ({nämlich} 36... Nxa6 37. h6 Rh8 38. h7 Nc7 $1 39. g4 Bf7 40. f4 Bg6 41.
Re7 c4 42. Kf2 a5 $1 43. f5 Bxh7 44. Nxh7 a4 {und seine Bauern sind auch nicht
von Pappe.}) 37. Nxd5 Bxd5 $6 ({Auch} 37... Rxd5 38. g4 {sollte wegen der
schnelleren Bauern für Weiß zum Siege reichen.}) 38. Rd1 Kc7 39. g4 Kc6 ({
Das nach} 39... Be4 40. Rxd8 Kxd8 41. f4 Kc7 42. Kf2 {mögliche Läuferendspiel
ist ebenso hoffnungslos für Schwarz wegen seiner festgelegten Bauern, während
es jetzt sofort zu Ende ist.}) 40. Bc4 $1 1-0